Tilastot visalle Metsittyneimmät Aasian valtiot

Klikkaa tästä pelataksesi tätä visaa!

Yleistilastot

  • Tätä visaa on pelattu 261 kertaa
  • Keskiarvotulos 7 / 10

Vastaustilastot

%Valtio% Oikein
47,63Indonesia
89%
44,60Vietnam
83%
66,04Japani
77%
67,09Malesia
76%
79,23Laos
75%
52,24Kambodža
68%
61,71Etelä-Korea
62%
71,75Bhutan
61%
65,92Brunei
56%
46,12Itä-Timor
55%

Tulosjakauma

Persentiili vastausten määrän mukaan

Jokaisen tuloksen saaneiden osuus

Tuloshistoriasi

Et ole pelannut tätä visaa